[Event "Hamburg HSK Elo op 5th"]
[Site "Hamburg"]
[Date "2007.04.29"]
[Round "4.23"]
[White "Koelblin, Andreas"]
[Black "Becker Bertau, Friedrich"]
[Result "0-1"]
[WhiteElo "1557"]
[BlackElo "1954"]
[PlyCount "56"]
[EventDate "2007.04.28"]
[EventType "swiss"]
[EventRounds "7"]
[EventCountry "GER"]
[SourceTitle "EXT 2009"]
[Source "ChessBase"]
[SourceDate "2008.11.26"]
[SourceVersion "1"]
[SourceVersionDate "2008.11.26"]
[SourceQuality "1"]

1. e4 d6 2. Nc3 Nf6 3. h3 e5 4. Nf3 Be7 5. Be2 c5 6. Bb5+ Nc6 7. Bxc6+ bxc6 8. 0-0 0-0 9. d3 Ne8 10. Re1 Nc7 11. Bd2 Ne6 12. Na4 f5 13. exf5 Rxf5 14. Qe2 Bd7 15. Nc3 Nf4 16. Bxf4 Rxf4 17. Ne4 Qf8 18. Ned2 Re8 19. Nf1 Bxh3 20. gxh3 Rxf3 21. Ng3 Bh4 22. Kg2 Rf4 23. Rf1 Re6 24. Rg1 Ref6 25. Raf1 Qf7 26. c4 Rf3 27. Ne4 Rg6+ 28. Ng3 Bxg3 0-1